Players of National Teams - United States - Statistics

General Stats
  • This quiz has been taken 3 times
  • The average score is 3 of 24
Answer Stats
Pos. Team Player % Correct
AM Leeds United Brenden Aaronson
67%
RB Borussia Mönchengladbach Joe Scally
67%
CM Seattle Sounders FC Cristian Roldán
33%
FW AS Monaco Folarin Balogun
33%
CB FC Toulouse Mark McKenzie
33%
CB FC Cincinnati Miles Robinson
33%
RB PSV Eindhoven Sergiño Dest
33%
CM Middlesbrough FC Aidan Morris
0%
RB Orlando City Alex Freeman
0%
CB Celtic FC Auston Trusty
0%
LM Real Salt Lake City Diego Luna
0%
AM Borussia Mönchengladbach Giovanni Reyna
0%
FW Coventry City Haji Wright
0%
LB Holstein Kiel John Tolkin
0%
GK Cesena FC Jonathan Klinsmann
0%
GK New York City FC Matt Freese
0%
LW Columbus Crew Max Arfsten
0%
GK Columbus Crew Patrick Schulte
0%
FW PSV Eindhoven Ricardo Pepi
0%
GK FC Cincinnati Roman Celentano
0%
CM Vancouver Whitecaps FC Sebastian Berhalter
0%
DM Olympique Lyonnaise Tanner Tessmann
0%
CM Los Angeles FC Timothy Tillman
0%
CB Charlotte FC Tim Ream
0%
No matching quizzes found
Score Distribution
Percent of People with Each Score
Percentile by Number Answered
Your Score History
You have not taken this quiz